000 00645nam a22002292a 4500
001 14654
003 BD RJUL
005 20211208235652.0
008 140208s1956 nyu 000 0 eng d
035 _aBD RJUL 14707
040 _aDLC
_cCPL
_dOCL
_dUKM
_dBD RJUL
_beng
041 _aeng
082 _a658
_bGRC 1956
_223
100 1 _aGray, James Seton,
_d1884-
_945669
245 1 0 _aCommon sense in business :
_ba digest of management procedures /
250 _a1st ed.
260 _aNew York :
_bMcGraw-Hill,
_c1956 .
300 _axxii, 136 p. :
_c21 cm .
650 0 _aIndustrial management
_945670
942 _2ddc
_cBK
999 _c14654
_d14654